*ALW's Phantom of the Opera - Think Of Me - Missing Lyrics - Statistics

General Stats
  • This quiz has been taken 239 times
  • The average score is 17 of 24
Answer Stats
Answer % Correct
Remember me every so often, {promise} me you'll try
95%
Think of me, think of me {fondly} when we've said goodbye
95%
If you ever find a moment, spare a {thought} for me
91%
Can it {be}? Can it {be} Christine?
90%
She may not {remember} me but I {remember} her
86%
Long {ago}, it seemed so long {ago}
85%
O-o-o-o-o-o-o-o-o-o-o-o-o-o Oo-OOOOOOF {ME}
85%
You will {think}...
82%
How young and {innocent} we were
80%
If you happen to remember, {stop} and think of me
75%
Imagine me trying too hard to put you from my {mind}
75%
There will never be a {day} when I wont think of you
75%
Think of me, please {say} you'll think of me
75%
On that day, that not-so-{distant} day
73%
Don't think about the {way} things might have been
70%
That this was {never} meant to be
70%
Flowers fade, the {fruits} of summer fade
67%
They have their {seasons} so do we
64%
When you are far away and {free}
63%
But please promise me that {sometimes}
59%
And though it's {clear}, though it was always {clear}
57%
Think of me, think of me {waking} silent and resigned
55%
Whatever else you {choose} to do
42%
Think of {August} when the world was green
34%
No matching quizzes found
Score Distribution
Percent of People with Each Score
Percentile by Number Answered
Your Score History
You have not taken this quiz